000 00884nam a22002417a 4500
005 20100818114933.0
010 _aENG-101247
020 _a9788185578866
_c7495.00
035 _aEN-84780
037 _bDBAD/PUB
082 _a616.5
245 _aIADVL textbook of dermatology /
_cedited by R. G. Valia [and] Ameet R. Valia
250 _a3rd ed.
260 _aMumbai
_bBhalani Publishing House
_c2008
270 _a11 Mavawala Building Opp. K. E. M. Hospital Parel
_bMumbai
_e400012
300 _av.1 (xx,1152p.)
_c28cm (Hb)
500 _aincludes index
650 _aDermatology
_917161
700 _aValia, R. G.
_914584
700 _aValia, Ameet R.
_914585
942 _2ddc
_cEN
_h616.5
_mIAD
999 _c42917
_d42917